Obra filosófica /

Bibliographic Details
Main Author: Mettrie, Julien-Offray de la
Format: Libro
Language:English
Published: Madrid, España Nacional 1984
Edition:1a.ed.
Subjects:

MARC

LEADER 00000cam a2200000 a 4500
001 001117
003 UAHC_CL
005 20170803115714.0
008 010822b xx j 000 1 eng
040 |a UAHC_CL  |c UAHC_CL  |d UAHC_CL 
082 0 4 |a 146.3 L228 
100 1 |a Mettrie, Julien-Offray de la 
245 1 0 |a Obra filosófica /  |c Julien-Offray de la Mettrie. 
250 |a 1a.ed. 
260 |b Nacional  |c 1984  |a Madrid, España 
300 |a 456 p. 
650 4 |a FILOSOFIA 
650 4 |a MATERIALISMO 
900 |a 146.3 MET 
942 |c BK 
952 |0 0  |1 0  |4 0  |6 146_300000000000000_MET  |7 0  |8 General  |9 2383  |a BC  |b BC  |c General  |d 2017-08-03  |l 0  |o 146.3 MET  |p 1302950  |r 2026-01-07 00:00:00  |t 1  |w 2017-08-03  |y BK 
999 |c 1117  |d 1117